| 000 | 01472 a2200253 4500 | ||
|---|---|---|---|
| 003 | Nust | ||
| 005 | 20221215110141.0 | ||
| 010 | _a 89026081 | ||
| 020 | _a038750561X (New York) | ||
| 020 | _a354050561X (Berlin) | ||
| 040 | _cNust | ||
| 082 | 0 | 0 | _a538.3, SAV |
| 100 | 1 |
_aSavchenko, M. A. _9104922 |
|
| 245 | 1 | 0 |
_aFluctuational superconductivity of magnetic systems / _cM.A. Savchenko, A.V. Stefanovich ; [translators, Ram S. Wadhwa, Natalie Wadhwa]. |
| 260 |
_aBerlin ; _aNew York : _bSpringer-Verlag, _cc1990. |
||
| 300 |
_aix, 258 p. : _bill. ; _c25cm. |
||
| 440 | 0 |
_aResearch reports in physics _9104923 |
|
| 505 | _aIntroduction (Page-1), Exchange Enhancement Effect During Phase Transitions Magnetically Crystals (Page-16), Phase Lamination and the Exchange Enhancement Effect (Page-45), Superconducting Phases in Rare-Earth Metal Compounds Phenomenological Theory (Page-75), Theory of High-Temperature Superconducting Phase in Rare Earth Metal Compounds (Page-100), Solutions in the Theory of Superconductivity of Magnetic System (Page-112), Spin Glasses Based on Rare –Earth Metal Compounds (Page-133), High Temperature Superconducting Ceramics (Page-169), Theory of High Temperature Superconductivity of Polymer Systems (Page-234). | ||
| 650 | 0 |
_aRare earth metals _xMagnetic properties. _9104924 |
|
| 650 | 0 |
_aSuperconducting magnets _xFluctuations. _9104925 |
|
| 700 | 1 |
_aStefanovich, A. V. _9104926 |
|
| 740 | 0 | _aSuperconductivity. | |
| 942 |
_2ddc _cBK |
||
| 999 |
_c184342 _d184342 |
||